000 00793nam a2200253Ia 4500
003 OSt
005 20220925204928.0
006 a|||||r|||| 00| 0
007 ta
008 220923b |||||||| |||| 00| 0 eng d
037 _cGeneral Book
040 _aRTL
_cRTL
_beng
041 _2eng
_aeng
082 _aY9(W).6591.N76<--M01, L8
100 _aHarrell_ Bond Barbara E
_9269280
245 0 _aCommunity leadership and the transformation of fre
260 _aHague
_bMouton
_c1978
300 _axxii, 416p
_ccm.
490 _aChange and Continuity in Africa
500 _aBibliography: P 369-78; Appendix: P 320-68
650 _aPolitical Sociology
942 _hY9(W).6591.N76<--M01, L8
_cGB
_2CC
999 _c550805
_d550805